000 00232nam a2200097Ia 4500
008 240625s9999 xx 000 0 und d
041 _aeng
100 _aP C QUEST
245 _aP C QUEST EXCLUSIVE 30 MINUTES TECH VIDE
260 _c2005
999 _c33444
_d33444